| 000 | 00544 a2200157 4500 | ||
|---|---|---|---|
| 999 |
_c28820 _d28820 |
||
| 003 | NUST | ||
| 005 | 20180117115447.0 | ||
| 008 | 180117b xxu||||| |||| 00| 0 eng d | ||
| 024 | _dLCCN 66-17376 | ||
| 040 | _cNUST | ||
| 082 | _a517.3 SHI | ||
| 100 | 1 |
_aGurevich, G. E. Shilov & B. L. _98542 |
|
| 245 | 1 | 0 |
_aIntegral, measure and derivative : _ba unified approach / _cG. E. Shilov & B. L. Gurevich. |
| 260 |
_a[S.l.] : _bPrentice Hall, _c1966. |
||
| 300 | _a233 p. | ||
| 490 | 1 | _aSelected russian publications in the mathematical sciences. | |
| 500 | _aImport. | ||
| 830 | 0 |
_aSelected russian publications in the mathematical sciences. _98543 |
|
| 942 |
_aSNS _cBK _k517.3 SHI _2ddc |
||